=LDR 00000nam 2200000 4500 =001 000481 =005 20250710094409 =035 ##$$a 0010-0725000343 =007 ta =008 250710################a##########0#ind## =020 ##$$a 978-623-118-912-7 =082 ##$$a 398.209 598 =084 ##$$a 398.209 598 DEE p =100 #$$a Dee, H. Noor =245 1#$$a Petualangan Flupoza /$c Noor H. Dee =250 ##$$a Cetakan Pertama =260 ##$$a Jakarta Timur :$b Kementerian Pendidikan, Kebudayaan, Riset, dan Teknologi,$c 2023 =300 ##$$a 28 : $b ilus. ; $c 29,7 x 21 cm =650 #4$$a Kesusastraan Anak =600 #4$$a Cerita anak-Indonesia =856 ##$$a TBM AS SUHADA =990 ##$$a TBM02330233